Οι Πιο Πολυπληθείς Σύγχρονες Χώρες το 1800 μ.Χ. - Statistics

General Stats
  • This quiz has been taken 9 times
  • The average score is 15 of 18
Answer Stats
Πλυθησμός Χώρα % Correct
295 m Κίνα
100%
255 m Ινδία
100%
27 m Γαλλία
100%
21 m Γερμανία
100%
21 m Ρωσία
100%
17 m Ιταλία
100%
8 m Πολωνία
100%
7 m Τουρκία
100%
29 m Ιαπωνία
86%
16 m Ινδονησία
86%
12 m Ηνωμένο Βασίλειο
86%
11 m Ισπανία
86%
9 m Πακιστάν
71%
9 m Ουκρανία
71%
13 m Νιγηρία
57%
8 m Μεξικό
57%
18 m Μπανγκλαντές
29%
7 m Λαϊκή Δημοκρατία του Κονγκό
29%
No matching quizzes found
Score Distribution
Percent of People with Each Score
Percentile by Number Answered
Your Score History
You have not taken this quiz